ក្រពើចាញ់កលប្រើស / (Record no. 8761)

MARC details
000 -LEADER
fixed length control field 02539nam a22003137a 4500
001 - CONTROL NUMBER
control field 8761
003 - CONTROL NUMBER IDENTIFIER
control field FISKH
005 - DATE AND TIME OF LATEST TRANSACTION
control field 20251211114628.0
008 - FIXED-LENGTH DATA ELEMENTS--GENERAL INFORMATION
fixed length control field 251017b cb ||||| |||| 00| 0 eng d
020 ## - INTERNATIONAL STANDARD BOOK NUMBER
International Standard Book Number 9789995001872
040 ## - CATALOGING SOURCE
Original cataloging agency FISKH
Language of cataloging khr
Transcribing agency FISKH
Modifying agency FISKH
050 ## - LIBRARY OF CONGRESS CALL NUMBER
Classification number PZ7
082 ## - DEWEY DECIMAL CLASSIFICATION NUMBER
Classification number 895
100 ## - MAIN ENTRY--PERSONAL NAME
Personal name Jerng, Yim
245 ## - TITLE STATEMENT
Title ក្រពើចាញ់កលប្រើស /
Statement of responsibility, etc. អ្នកនិពន្ធ លោក យឹម ជឿង , អ្នករៀបរៀង លោក អ៊ាន ភាង និង លោកស្រី ងួន សាកល
260 ## - PUBLICATION, DISTRIBUTION, ETC.
Place of publication, distribution, etc. ភ្នំពេញ :
Name of publisher, distributor, etc. គ្រឹះស្ថានបោះពុម្ពនិងចែកផ្សាយ ,
Date of publication, distribution, etc. 2013.
300 ## - PHYSICAL DESCRIPTION
Extent 8 pages :
Other physical details color illustrations ;
Dimensions 17*18 cm .
490 ## - SERIES STATEMENT
Series statement កម្រងរឿងនិទានអប់រំសម្រាប់កុមារ
505 ## - FORMATTED CONTENTS NOTE
Formatted contents note K <br/>
520 ## - SUMMARY, ETC.
Summary, etc. មេប្រើសនិងកូនបាននាំគ្នាទៅរកស្មៅខ្ចី ។​ វាសម្លឹងទៅកោះមួយវាបម្រុងនឹងឆ្លងទៅលើកោះនោះតែខ្លាចក្រពើ ។​ វាក៏បញ្ចោតក្រពើអោយេជួយចំលងវាទៅសុីស្មៅ ។ ពេលត្រលប់មកវិញក្រពើក៏ដឹងពីផែនការប្រើសវាក៏មានបំនងសុីប្រើស​ ។ ក្រពើត្របាក់បានជើងប្រើសម្ខា​ង ដោយភាពល្ងង់ខ្លៅក្រពើក៏ហាមាត់ធ្វើអោយប្រើសមានឳកាសរួចផុតពីសេចក្តីស្លាប់ ។
520 ## - SUMMARY, ETC.
Summary, etc. The deer and its child went to look for some grass. It looked toward an island and was about to cross to the island, but it was afraid of the crocodile. The deer then asked the crocodile for help to carry it across to the river. When returning, the crocodile realized the deer's plan and intended to eat the deer However, the fox cleverly tricked the crocodile and managed to escape death.
521 8# - TARGET AUDIENCE NOTE
Target audience note 510 <br/>
Source Lexile estimate <br/>
521 8# - TARGET AUDIENCE NOTE
Target audience note K <br/>
Source Raz-Plus <br/>
650 ## - SUBJECT ADDED ENTRY--TOPICAL TERM
Topical term or geographic name entry element ក្រពើចាញ់កលប្រើស
Form subdivision រឿងនិទានកុមារ
650 ## - SUBJECT ADDED ENTRY--TOPICAL TERM
Topical term or geographic name entry element The crocodile was outwitted by the deer
Form subdivision Children's Stories
700 ## - ADDED ENTRY--PERSONAL NAME
Personal name Srey Ny, Jork
Relator term Illustrator
942 ## - ADDED ENTRY ELEMENTS (KOHA)
Source of classification or shelving scheme Dewey Decimal Classification
Koha item type Khmer Books
Suppress in OPAC No
Holdings
Withdrawn status Lost status Source of classification or shelving scheme Damaged status Not for loan Collection Home library Current library Shelving location Date acquired Total Checkouts Full call number Barcode Date last seen Copy number Price effective from Koha item type
    Dewey Decimal Classification     Khmer Language Books / សៀវភៅភាសាខ្មែរ Footprints International School Library Network Toul Tom Poung Campus Footprints International School Library Network Toul Tom Poung Campus TTP Primary Khmer Bookshelves 10/17/2025   JER PZ7 895 FIS02140 10/17/2025 1 10/17/2025 Khmer Books
    Dewey Decimal Classification     Khmer Language Books / សៀវភៅភាសាខ្មែរ Footprints International School Library Network Toul Tom Poung Campus Footprints International School Library Network Toul Tom Poung Campus TTP Primary Khmer Bookshelves 11/21/2025   JER PZ7 895 2025-4884 11/21/2025 2 11/21/2025 Khmer Books
    Dewey Decimal Classification     Khmer Language Books / សៀវភៅភាសាខ្មែរ Footprints International School Library Network Toul Tom Poung Campus Footprints International School Library Network Toul Tom Poung Campus TTP Primary Khmer Bookshelves 12/11/2025   JER PZ7 895 FIS01835 12/11/2025 3 12/11/2025 Khmer Books